Statistiken für Welche Stadt in Nordrhein-Westfalen (NRW)?

Klicken Sie hier um das Quiz zu spielen!

Allgemein

  • Dieses Quiz wurde 5.033 mal gespielt
  • Das Durchschnittsergebnis liegt bei 15 aus 20

Antwortstatistiken

BeschreibungBuchstabeStadt% Korrekt
Hauptstadt von NRWDDüsseldorf
100%
Größte Stadt in NRWKKöln
99%
Ehemalige BundeshauptstadtBBonn
96%
Größte Stadt im RuhrgebietDDortmund
94%
Hier findet man das UNESCO-Welterbe ZollvereinEEssen
91%
Diese Stadt existiert eigentlich gar nichtBBielefeld
89%
Heimat des Fußballvereins Schalke 04GGelsenkirchen
89%
Von dieser Stadt singt Herbert Grönemeyer in einem seiner bekanntesten SongsBBochum
84%
Diese Stadt ist für ihre seit 1901 bestehende Schwebebahn bekanntWWuppertal
83%
Karl der Große machte diese Stadt zum politischen, kulturellen und spirituellen Zentrum seines ReichesAAachen
81%
Der Chemie- und Pharmakonzern Bayer hat hier seinen SitzLLeverkusen
81%
Stadt, in der die Ruhr in den Rhein mündetDDuisburg
79%
Bekannt als Fahrradhauptstadt DeutschlandsMMünster
79%
Stadt, die unter anderem für ihren Archäologischen Park bekannt istXXanten
71%
Der kürzeste Fluss Deutschlands ist Namensgeber dieser GroßstadtPPaderborn
58%
Hier findet im Stadtteil Crange jährlich die größte Kirmes in NRW stattHHerne
52%
Wintersportort im Sauerland, in dem bereits zahlreiche Welt- und Europameisterschaften durchgeführt wurdenWWinterberg
52%
Stadt, die das Zentrum der deutschen Schneidwarenindustrie ist und den amtlichen Namenszusatz "Klingenstadt" trägtSSolingen
46%
Die einzige Stadt Deutschlands, die zwei Hauptbahnhöfe hat und dafür einen Eintrag im Guinness Buch der Rekorde hatMMönchengladbach
34%
Westlichste Gemeinde DeutschlandsSSelfkant
13%

Verteilung der Resultate

Perzentil nach korrekt beantworteten Fragen

Anzahl Personen mit jedem Resultat

Ihre Resultats-Entwicklung

Sie haben dieses Quiz noch nicht gespielt